Writing dalit history and other essays (Record no. 421019)

000 -LEADER
fixed length control field 00382cam a22001337a 4500
008 - FIXED-LENGTH DATA ELEMENTS--GENERAL INFORMATION
fixed length control field 180718b2007 xxu||||| |||| 00| 0 eng d
020 ## - INTERNATIONAL STANDARD BOOK NUMBER
International Standard Book Number 8173918805
082 ## - DEWEY DECIMAL CLASSIFICATION NUMBER
Classification number BA27x54 R18w
100 ## - MAIN ENTRY--PERSONAL NAME
Personal name Rao, Yagati Chinna
245 ## - TITLE STATEMENT
Title Writing dalit history and other essays
Statement of responsibility, etc. by Yagati Chinna Rao
260 ## - PUBLICATION, DISTRIBUTION, ETC.
Place of publication, distribution, etc. New Delhi
Name of publisher, distributor, etc. Kanishka
Date of publication, distribution, etc. 2007
300 ## - PHYSICAL DESCRIPTION
Extent 222p.
650 ## - SUBJECT ADDED ENTRY--TOPICAL TERM
Topical term or geographic name entry element Dalits --India --History
Holdings
Withdrawn status Lost status Damaged status Not for loan Permanent Location Current Location Date acquired Full call number Barcode Date last seen Price effective from Koha item type
        Indian Institute of Public Administration Indian Institute of Public Administration 2009-11-05 BA27x54 R18w 83331 2018-07-21 2018-07-21 Book

Powered by Koha